|
|
|
|
| LEADER |
00687nam a2200193 i 4500 |
| 001 |
c000026172 |
| 003 |
CARM |
| 005 |
00000000000000.0 |
| 008 |
841001s1975 xx 0 eng d |
| 019 |
1 |
|
|a 15656607
|z .b25885716
|z 9248929
|5 LACONCORD2021
|
| 035 |
|
|
|a (OCoLC)9425153
|5 LACONCORD2021
|
| 100 |
1 |
|
|a Yu, Tsung-hsien.
|
| 245 |
1 |
0 |
|a [T'ai-wan ching-chi fa-chen tsung lun].
|
| 260 |
|
|
|c 1975.
|
| 300 |
|
|
|a 350 p.
|
| 651 |
|
0 |
|a Taiwan
|x Economic policy.
|
| 852 |
8 |
|
|b CARM
|h A2:AF26D0
|i C01363
|p 0078617
|f BK
|
| 999 |
f |
f |
|i 1cb401cc-1d5a-5ff5-bd64-495996d2a24d
|s 7e591795-34ab-5ad9-8415-1cdbcec0f2c3
|
| 952 |
f |
f |
|p Can circulate
|a CAVAL
|b CAVAL
|c CAVAL
|d CARM 1 Store
|e C01363
|f A2:AF26D0
|h Other scheme
|i book
|m 0078617
|